Know your Diabetes for a Happy Life/ (Record no. 175711)

MARC details
000 -LEADER
fixed length control field 00710nam a22001937a 4500
005 - DATE AND TIME OF LATEST TRANSACTION
control field 20200921150602.0
010 ## - LCCN (DPL NO)
LC control number ENG-128447
020 ## - INTERNATIONAL STANDARD BOOK NUMBER
Terms of availability 50.00
International Standard Book Number 9789386763082
035 ## - SYSTEM CONTROL NUMBER
System control number EN-111979
037 ## - SOURCE OF ACQUISITION
Source of stock number/acquisition DBAD/PUB
082 ## - DEWEY DECIMAL CLASSIFICATION NUMBER
Classification number 616.462
100 ## - MAIN ENTRY--PERSONAL NAME
Personal name Venkatanarasu, Ashok
245 ## - TITLE STATEMENT
Title Know your Diabetes for a Happy Life/
Statement of responsibility, etc by Dr. Ashok Venkatanarasu, edited by Dr. D. Chandrasekhar Reddy
260 ## - PUBLICATION, DISTRIBUTION, ETC. (IMPRINT)
Place of publication, distribution, etc Vijaywada
Name of publisher, distributor, etc EMESCO BOOKS
Date of publication, distribution, etc 2017
270 ## - ADDRESS
Address 33-22-2, Chandram Buildings, C.R.Road, Chuttungunta
City Vijaywada
Postal code 520004
Telephone number 0866-2436643
Electronic mail address emescovja@gmail.com
300 ## - PHYSICAL DESCRIPTION
Extent 96p.
Dimensions 21cm(pbk)
Other physical details pictures and Illustrations
700 ## - ADDED ENTRY--PERSONAL NAME
Personal name Reddy, D. Chandrasekhar
942 ## - ADDED ENTRY ELEMENTS (KOHA)
Source of classification or shelving scheme Dewey Decimal Classification
Item type English Books
Classification part 616.462
Call number suffix VEN
Holdings
Withdrawn status Lost status Not for loan Collection code Home library Current library Date acquired Source of acquisition Cost, normal purchase price Full call number Barcode Cost, replacement price Koha item type
      Non-fiction Ashok Vihar Ashok Vihar 21/09/2020 DBAD/PUB 50.00 616.462 VEN EN-111979 50.00 English Books

© Delhi Public Library
Hit Counter
free hit counter